Sevillana medicina (Record no. 27109)

MARC details
000 -LEADER
campo de control de longitud fija 01099nam a2200241 i 4500
001 - NÚMERO DE CONTROL
campo de control 27109
003 - IDENTIFICADOR DE NÚMERO DE CONTROL
campo de control ES-MaACL
005 - FECHA Y HORA DE LA ÚLTIMA TRANSACCIÓN
campo de control 20230906153548.0
007 - CAMPO FIJO DE DESCRIPCIÓN FÍSICA--INFORMACIÓN GENERAL
campo de control de longitud fija t|
008 - DATOS DE LONGITUD FIJA--INFORMACIÓN GENERAL
campo de control de longitud fija 030113s1885 sp ||||1| spa d
100 0# - ENTRADA PRINCIPAL--NOMBRE DE PERSONA
Nombre de persona Monardes, Nicolás.
9 (RLIN) 82104
245 10 - MENCIÓN DEL TÍTULO
Título Sevillana medicina
Resto del título : que trata el modo conservativo y curativo de los que habitan ... en Sevilla, la cual sirve y aprovecha para cualquier otro lugar de estos Reinos ... /
Mención de responsabilidad, etc. [Juan de Aviñón] ; publicada en el año 1545 por el licenciado Nicolás Monardes.
260 ## - PUBLICACIÓN, DISTRIBUCIÓN, ETC.
Lugar de publicación, distribución, etc. Sevilla :
Nombre del editor, distribuidor, etc. Sociedad de Bibliófilos Andaluces,
Fecha de publicación, distribución, etc. 1885] (
Fabricante Imp. Rasco)
300 ## - DESCRIPCIÓN FÍSICA
Extensión XII, 346 p. ;
Dimensiones 22 cm.
490 1# - MENCIÓN DE SERIE
Mención de serie Sociedad de Bibliófilos Andaluces. Primera serie ;
Designación de volumen o secuencia 16
500 ## - NOTA GENERAL
Nota general Autor tomado de la cubierta.
530 ## - NOTA DISPONIBLE DE FORMULARIO FÍSICO ADICIONAL
Nota de formato físico adicional disponible Disponible en formanto digital.
650 #4 - PUNTO DE ACCESO ADICIONAL DE MATERIA--TÉRMINO DE MATERIA
Término de materia o nombre geográfico como elemento de entrada Geografía médica-
Subdivisión geográfica Sevilla.
9 (RLIN) 157317
830 0# - PUNTO DE ACCESO ADICIONAL DE SERIE-TÍTULO UNIFORME
Título uniforme Sociedad de Bibliófilos Andaluces. Primera serie ;
Designación de volumen o secuencia 16
9 (RLIN) 182018
852 ## - LOCALIZACIÓN
Ubicación ES-MaACL
Número de control de estantería B-5546
856 ## - LOCALIZACIÓN Y ACCESO ELECTRÓNICOS
Identificador Uniforme de Recursos <a href="http://bdh-rd.bne.es/viewer.vm?id=0000116142&page=1 ">http://bdh-rd.bne.es/viewer.vm?id=0000116142&page=1 </a>
Nota pública Biblioteca Digital Hispánica
Holdings
Estatus retirado Estado de pérdida Estado de daño No para préstamo Colección Biblioteca de origen Biblioteca actual Ubicación en estantería Fecha de adquisición Fuente de adquisición Total de préstamos Signatura topográfica completa Código de barras Visto por última vez Precio de reemplazo Tipo de ítem Koha
        Colección digital Biblioteca del Ateneo de Madrid Biblioteca del Ateneo de Madrid Sala Pardo Bazán 17/01/2008     B-5546 1027980 23/02/2023 23/02/2023 Libro impreso antiguo